000 00490nam a22001457a 4500
082 _aH1007
_bBAR/H
100 _aBarelal Jain
_9110468
245 _aHindi sahitya ki santh kavya parampara ke pariprekshya mein Acharya Vidhyasagar ke krititva ka anuseelan/
_cby Barelal Jain.
260 _aCulcutta:
_bSree Nirgranth Sahitya Prakashan,
_c[s.l.]
300 _a245p.
650 _aPoetry Hindi Study
_9110469
650 _aLiterature Hindi
_9110470
650 _aLiterature
_9110471
942 _cBK
999 _c60950
_d60950